| 000 | 00450nam a2200169Ia 4500 | ||
|---|---|---|---|
| 003 | IN-BaIIA | ||
| 008 | 211028s9999 xx 000 0 eng d | ||
| 040 | _cIIA Library | ||
| 080 |
_a521.1 _bAND |
||
| 100 |
_aAndoyer, M. H. _91502 |
||
| 245 | 0 |
_aCours de mecanique celeste _bvol. I _cM. H. Andoyer |
|
| 260 |
_aParis _bGauthier Villars _c1923 |
||
| 300 | _avi, 438p. | ||
| 650 | _aCelestial Mechanics | ||
| 650 |
_aCelestial sphere _91503 |
||
| 942 | _cBK | ||
| 999 |
_c704 _d704 |
||